| 000 | 00563nam a2200133Ia 4500 | ||
|---|---|---|---|
| 008 | 170516s9999 xx 000 0 und d | ||
| 245 | _aUltrasonographic Features of Kidney Transplants and Their Complications: An Imaging Review, Chrysafoula Kolofousi, Konstantinos Stefanidis, Demosthenes D. Cokkinos, Dimitrios Karakitsos, Eleni Antypa, and Ploutarhos Piperopoulos | ||
| 260 | _bISRN Radiology | ||
| 260 | _c2013 | ||
| 300 | _a: | ||
| 650 | _xRadiologic Technology | ||
| 650 | _xRadtech | ||
| 856 | _uhttps://www.hindawi.com/journals/isrn/contents/radiology/2/ | ||
| 999 |
_c332953 _d332953 |
||